[Event "SRB-ch Semifinal 2021"]
[Site "Paracin"]
[Date "2021.03.17"]
[Round "2.9"]
[White "Sredojevic, Ivan"]
[Black "Budisavljevic, Luka"]
[Result "1/2-1/2"]
[WhiteElo "2288"]
[BlackElo "2510"]
[Annotator "ChessBase"]
[PlyCount "60"]
[EventDate "2021.03.16"]
[EventType "swiss"]
[EventCountry "SRB"]
[SourceTitle "playchess.com"]
[Source "ChessBase"]
[SourceQuality "1"]
[TimeControl "40/5400+30:1800+30"]

1. e4 {[%emt 0:00:00]} c5 {[%emt 0:00:00]} 2. Nf3 {[%emt 0:00:00]} a6 {[%emt 0:00:26]} 3. Be2 {[%emt 0:00:50]} b5 {[%emt 0:01:58]} 4. a4 {[%emt 0:02:48]} Bb7 {[%emt 0:01:21]} 5. axb5 {[%emt 0:03:31]} axb5 {[%emt 0:00:23]} 6. Rxa8 {[%emt 0:00:06]} Bxa8 {[%emt 0:00:05]} 7. Bxb5 {[%emt 0:00:40]} Bxe4 {[%emt 0:02:21]} 8. O-O {[%emt 0:00:42]} e6 {[%emt 0:03:05]} 9. Re1 {[%emt 0:02:07]} Nf6 {[%emt 0:06:25]} 10. Nc3 {[%emt 0:04:18]} Bb7 {[%emt 0:10:16]} 11. d4 {[%emt 0:20:05]} Be7 {[%emt 0:18:19]} 12. dxc5 {[%emt 0:07:20]} Bxc5 {[%emt 0:00:18]} 13. Bf4 {[%emt 0:00:24]} O-O {[%emt 0:00:59]} 14. Ne5 {[%emt 0:06:28]} d6 {[%emt 0:07:36]} 15. Nc4 {[%emt 0:06:19]} d5 {[%emt 0:11:33]} 16. Ne5 {[%emt 0:10:16]} Bb4 {[%emt 0:02:02]} 17. Qd4 {[%emt 0:13:55]} Qa5 {[%emt 0:00:55]} 18. Bf1 {[%emt 0:01:02]} Rc8 {[%emt 0:15:54]} 19. Bd2 {[%emt 0:02:17]} Nc6 {[%emt 0:05:29]} 20. Nxc6 {[%emt 0:01:05]} Bxc6 {[%emt 0:00:08]} 21. Bd3 {[%emt 0:02:40]} Bc5 {[%emt 0:02:16]} 22. Qh4 {[%emt 0:02:39]} Qb6 {[%emt 0:00:05]} 23. b3 {[%emt 0:01:36]} Be7 {[%emt 0:02:25]} 24. Bxh7+ {[%emt 0:04:12]} Nxh7 {[%emt 0:01:17]} 25. Qxe7 {[%emt 0:00:06]} d4 {[%emt 0:01:44]} 26. Ne2 {[%emt 0:04:06]} Ba8 {[%emt 0:02:52]} 27. Bb4 {[%emt 0:01:26]} Nf6 {[%emt 0:02:12]} 28. Qd6 {[%emt 0:01:36]} Qxd6 {[%emt 0:00:49]} 29. Bxd6 {[%emt 0:00:06]} Rxc2 {[%emt 0:00:08]} 30. Nxd4 {[%emt 0:00:51]} Rd2 1/2-1/2

[Event "SRB-ch Semifinal 2021"]
[Site "Paracin"]
[Date "2021.03.17"]
[Round "2.10"]
[White "Milosevic, Milos"]
[Black "Todorovic, Nenad I"]
[Result "1/2-1/2"]
[WhiteElo "2315"]
[BlackElo "2305"]
[Annotator "TA"]
[PlyCount "38"]
[EventDate "2021.03.16"]
[EventType "swiss"]
[EventCountry "SRB"]
[SourceTitle "playchess.com"]
[Source "ChessBase"]
[SourceQuality "1"]

{[%evp 16,38,51,46,29,30,29,43,51,47,44,26,47,49,47,31,48,-51,0,0,0,0,0,0,0]} 1. e4 c5 2. Nc3 Nc6 3. Bb5 Nd4 4. Nf3 g6 5. Bc4 Bg7 6. Nxd4 cxd4 7. Qf3 Nh6 8. Ne2 O-O 9. d3 Ng4 {B23: Closed Sicilian: Lines without g3.} 10. Bb3 ({Much weaker is} 10. Qxg4 d5 $15) 10... d6 11. Qg3 Qb6 {White is slightly better.} 12. O-O Bd7 13. Qh4 Bf6 14. Bg5 {[#]} Qc5 $146 ({Predecessor:} 14... a5 15. a4 Rac8 16. Rae1 Rc5 17. f4 Bxg5 18. fxg5 Bc8 19. Nf4 Ne3 20. Rf3 Qd8 21. Rexe3 dxe3 {1-0 (38) Staf,G (2189)-Swahnberg,L (2409) ICCF email 2008}) 15. Bxf6 Nxf6 16. Kh1 ({White should try} 16. f4 $14) 16... g5 ({Black should play} 16... a5 $15) 17. Qh6 $11 {The position is equal.} Ng4 18. Qh5 Nf6 19. Qh6 Ng4 {Weighted Error Value: White=0.21/Black=0.06} 1/2-1/2

[Event "SRB-ch Semifinal 2021"]
[Site "Paracin"]
[Date "2021.03.17"]
[Round "3.1"]
[White "Radovanovic, Nikola"]
[Black "Ratkovic, Miloje"]
[Result "1/2-1/2"]
[WhiteElo "2391"]
[BlackElo "2497"]
[Annotator "TA"]
[PlyCount "49"]
[EventDate "2021.03.16"]
[EventType "swiss"]
[EventCountry "SRB"]
[SourceTitle "playchess.com"]
[Source "ChessBase"]
[SourceQuality "1"]

{[%evp 15,49,72,72,77,80,102,93,72,73,80,71,58,98,61,64,63,53,63,62,63,69,60,61,61,54,49,64,39,112,94,92,103,93,35,28,4]} 1. e4 c6 2. d4 d5 3. Nd2 dxe4 4. Nxe4 Nf6 5. Nxf6+ gxf6 6. c3 Bf5 7. Nf3 Nd7 8. g3 Nb6 9. Bg2 {B16: Caro-Kann: Bronstein-Larsen Variation.} Qd7 10. O-O Bh3 11. a4 {White is better.} Bxg2 12. Kxg2 a5 13. Qb3 {[#]} Ra6 $146 ({Predecessor:} 13... Nd5 14. c4 Nb4 15. Bf4 e6 16. Rad1 Bd6 17. Bxd6 Qxd6 18. Qe3 h5 19. d5 cxd5 20. cxd5 Nxd5 {½-½ (60) Mickiewicz,P (2311)-Rudolf,M (2428) Wysowa 2003}) 14. c4 Qe6 15. d5 cxd5 16. c5 Nd7 17. Nd4 Nxc5 ({Avoid the trap} 17... Qe4+ $2 18. f3 $18) 18. Qb5+ {[%mdl 64] [#] Double Attack} Qd7 {Strongly threatening ...e5.} 19. Qxc5 {Threatens to win with Nb5.} e5 20. Qc3 exd4 21. Qxd4 Qe6 (21... h5 $14) 22. Bd2 Qe4+ 23. Qxe4+ dxe4 24. Rfe1 (24. Rac1 $16) 24... f5 $14 25. f3 {Weighted Error Value: White=0.12/Black=0.10} 1/2-1/2

[Event "SRB-ch Semifinal 2021"]
[Site "Paracin"]
[Date "2021.03.17"]
[Round "3.2"]
[White "Drazic, Sinisa"]
[Black "Cabarkapa, Novak"]
[Result "1/2-1/2"]
[WhiteElo "2334"]
[BlackElo "2455"]
[Annotator "ChessBase"]
[PlyCount "91"]
[EventDate "2021.03.16"]
[EventType "swiss"]
[EventCountry "SRB"]
[SourceTitle "playchess.com"]
[Source "ChessBase"]
[SourceQuality "1"]
[TimeControl "40/5400+30:1800+30"]

1. d4 {[%emt 0:00:00]} Nf6 {[%emt 0:03:33]} 2. Nf3 {[%emt 0:00:00]} g6 {[%emt 0:01:26]} 3. g3 {[%emt 0:00:00]} Bg7 {[%emt 0:00:41]} 4. Bg2 {[%emt 0:00:00]} O-O {[%emt 0:00:35]} 5. O-O {[%emt 0:00:00]} d5 {[%emt 0:04:03]} 6. b3 {[%emt 0:00:00]} c5 {[%emt 0:01:11]} 7. Bb2 {[%emt 0:00:00]} Ne4 {[%emt 0:02:26]} 8. Qc1 {[%emt 0:10:27]} Qc7 {[%emt 0:04:09]} 9. dxc5 {[%emt 0:01:13]} Bxb2 {[%emt 0:08:09]} 10. Qxb2 {[%emt 0:00:50]} Qxc5 {[%emt 0:01:02]} 11. Nfd2 {[%emt 0:02:26]} Nxd2 {[%emt 0:06:19]} 12. Nxd2 {[%emt 0:00:52]} Nc6 {[%emt 0:00:57]} 13. a3 {[%emt 0:06:37]} Rd8 {[%emt 0:05:09]} 14. b4 {[%emt 0:04:33]} Qb5 {[%emt 0:01:22]} 15. Nb3 {[%emt 0:08:11]} Bg4 {[%emt 0:13:49]} 16. Rfe1 {[%emt 0:01:10]} a5 {[%emt 0:02:06]} 17. Nd4 {[%emt 0:02:01]} Qb6 {[%emt 0:07:18]} 18. Nxc6 {[%emt 0:00:42]} bxc6 {[%emt 0:00:14]} 19. c3 {[%emt 0:01:52]} Rab8 {[%emt 0:03:18]} 20. Qd2 {[%emt 0:00:49]} Be6 {[%emt 0:08:23]} 21. h4 {[%emt 0:01:01]} c5 {[%emt 0:01:01]} 22. Rab1 {[%emt 0:03:33]} Bf5 {[%emt 0:04:16]} 23. Rb2 {[%emt 0:00:08]} axb4 {[%emt 0:02:27]} 24. axb4 {[%emt 0:00:17]} d4 {[%emt 0:07:53]} 25. b5 {[%emt 0:01:36]} c4 {[%emt 0:02:47]} 26. cxd4 {[%emt 0:02:18]} Rxd4 {[%emt 0:02:43]} 27. Qc3 {[%emt 0:04:26]} Qc5 {[%emt 0:00:26]} 28. Rc1 {[%emt 0:00:53]} Rd6 {[%emt 0:00:59]} 29. Bf3 {[%emt 0:13:26]} Rxb5 {[%emt 0:01:00]} 30. Rxb5 {[%emt 0:00:20]} Qxb5 {[%emt 0:00:07]} 31. Qxc4 {[%emt 0:00:23]} Qxc4 {[%emt 0:00:17]} 32. Rxc4 {[%emt 0:00:02]} Kg7 {[%emt 0:01:37]} 33. Kg2 {[%emt 0:00:10]} Be6 {[%emt 0:00:31]} 34. Rc5 {[%emt 0:00:06]} h5 {[%emt 0:00:48]} 35. Be4 {[%emt 0:00:42]} Rd4 {[%emt 0:00:42]} 36. f3 {[%emt 0:00:14]} Kf6 {[%emt 0:02:22]} 37. Kf2 {[%emt 0:00:10]} Rd6 {[%emt 0:00:54]} 38. Ra5 {[%emt 0:00:18]} Bd7 {[%emt 0:00:40]} 39. Bd3 {[%emt 0:00:24]} Bc8 {[%emt 0:00:31]} 40. Ke3 {[%emt 0:00:00]} Re6+ {[%emt 0:00:00]} 41. Kf4 {[%emt 0:01:28]} Rd6 {[%emt 0:00:35]} 42. Ra8 {[%emt 0:00:34]} e5+ {[%emt 0:01:37]} 43. Ke3 {[%emt 0:00:03]} Bf5 {[%emt 0:01:26]} 44. Bxf5 {[%emt 0:00:12]} Kxf5 {[%emt 0:00:11]} 45. Ra5 {[%emt 0:00:13]} Rb6 {[%emt 0:00:36]} 46. Ra3 {[%emt 0:01:06]} 1/2-1/2

[Event "SRB-ch Semifinal 2021"]
[Site "Paracin"]
[Date "2021.03.17"]
[Round "3.3"]
[White "Martic, Ivan"]
[Black "Sedlak, Nikola"]
[Result "0-1"]
[WhiteElo "2321"]
[BlackElo "2514"]
[Annotator "ChessBase"]
[PlyCount "98"]
[EventDate "2021.03.16"]
[EventType "swiss"]
[EventCountry "SRB"]
[SourceTitle "playchess.com"]
[Source "ChessBase"]
[SourceQuality "1"]
[TimeControl "40/5400+30:1800+30"]

1. Nf3 {[%emt 0:03:32]} Nf6 {[%emt 0:00:02]} 2. c4 {[%emt 0:00:45]} g6 {[%emt 0:00:47]} 3. Nc3 {[%emt 0:00:47]} Bg7 {[%emt 0:01:52]} 4. e4 {[%emt 0:00:13]} d6 {[%emt 0:00:28]} 5. d4 {[%emt 0:00:07]} Bg4 {[%emt 0:00:22]} 6. Be2 {[%emt 0:00:17]} Bxf3 {[%emt 0:00:18]} 7. Bxf3 {[%emt 0:00:10]} e5 {[%emt 0:00:08]} 8. d5 {[%emt 0:00:50]} h5 {[%emt 0:00:11]} 9. b3 {[%emt 0:02:41]} Nbd7 {[%emt 0:00:15]} 10. O-O {[%emt 0:01:04]} Bh6 {[%emt 0:00:07]} 11. Bb2 {[%emt 0:00:43]} O-O {[%emt 0:00:28]} 12. b4 {[%emt 0:00:31]} a5 {[%emt 0:01:22]} 13. a3 {[%emt 0:00:33]} Qe7 {[%emt 0:00:08]} 14. Qd3 {[%emt 0:12:01]} Rfc8 {[%emt 0:02:27]} 15. Bd1 {[%emt 0:03:13]} c6 {[%emt 0:02:22]} 16. Bb3 {[%emt 0:03:36]} axb4 {[%emt 0:02:11]} 17. axb4 {[%emt 0:00:06]} c5 {[%emt 0:00:05]} 18. b5 {[%emt 0:05:42]} h4 {[%emt 0:12:25]} 19. Ne2 {[%emt 0:09:04]} Nh5 {[%emt 0:00:38]} 20. Qh3 {[%emt 0:02:47]} Nf4 {[%emt 0:06:35]} 21. Qf3 {[%emt 0:01:45]} Nf6 {[%emt 0:10:04]} 22. Nxf4 {[%emt 0:06:24]} Bxf4 {[%emt 0:02:55]} 23. Bc2 {[%emt 0:02:32]} Qd8 {[%emt 0:04:23]} 24. Qc3 {[%emt 0:06:38]} Nd7 {[%emt 0:09:07]} 25. Qh3 {[%emt 0:04:57]} Nb6 {[%emt 0:03:33]} 26. Bb3 {[%emt 0:01:36]} Qg5 {[%emt 0:04:41]} 27. Qd3 {[%emt 0:01:56]} Nd7 {[%emt 0:01:21]} 28. Bc3 {[%emt 0:06:23]} Nf6 {[%emt 0:07:17]} 29. Bd1 {[%emt 0:08:58]} Rxa1 {[%emt 0:00:33]} 30. Bxa1 {[%emt 0:00:05]} Ra8 {[%emt 0:00:27]} 31. Bb2 {[%emt 0:01:37]} Bc1 {[%emt 0:01:48]} 32. Bc3 {[%emt 0:03:31]} Ra3 {[%emt 0:01:26]} 33. Bf3 {[%emt 0:00:51]} Bb2 {[%emt 0:02:26]} 34. Qd2 {[%emt 0:01:43]} Qxd2 {[%emt 0:00:33]} 35. Bxd2 {[%emt 0:00:05]} h3 {[%emt 0:01:30]} 36. Rb1 {[%emt 0:00:50]} Bd4 {[%emt 0:06:05]} 37. Bg5 {[%emt 0:01:37]} Kg7 {[%emt 0:06:09]} 38. b6 {[%emt 0:00:22]} Ra2 {[%emt 0:00:28]} 39. Bh4 {[%emt 0:00:52]} hxg2 {[%emt 0:03:51]} 40. Kxg2 {[%emt 0:00:00]} Rc2 {[%emt 0:00:00]} 41. Kf1 {[%emt 0:05:11]} g5 {[%emt 0:05:44]} 42. Bg3 {[%emt 0:00:38]} Rxc4 {[%emt 0:00:37]} 43. h4 {[%emt 0:01:22]} g4 {[%emt 0:00:56]} 44. Be2 {[%emt 0:00:09]} Rc3 {[%emt 0:01:24]} 45. Bb5 {[%emt 0:00:39]} Nxe4 {[%emt 0:00:32]} 46. Kg2 {[%emt 0:00:38]} Nxg3 {[%emt 0:02:26]} 47. fxg3 {[%emt 0:00:08]} Rc2+ {[%emt 0:00:05]} 48. Kh1 {[%emt 0:00:08]} f5 {[%emt 0:00:52]} 49. Bc6 {[%emt 0:00:12]} f4 {[%emt 0:00:15]} 0-1

[Event "SRB-ch Semifinal 2021"]
[Site "Paracin"]
[Date "2021.03.17"]
[Round "3.4"]
[White "Ratkovic, Milovan"]
[Black "Popovic, Milan S"]
[Result "1-0"]
[WhiteElo "2462"]
[BlackElo "2327"]
[Annotator "ChessBase"]
[PlyCount "89"]
[EventDate "2021.03.16"]
[EventType "swiss"]
[EventCountry "SRB"]
[SourceTitle "playchess.com"]
[Source "ChessBase"]
[SourceQuality "1"]
[TimeControl "40/5400+30:1800+30"]

1. d4 {[%emt 0:00:00]} d5 {[%emt 0:02:58]} 2. c4 {[%emt 0:00:51]} dxc4 {[%emt 0:00:05]} 3. Nf3 {[%emt 0:00:11]} Nf6 {[%emt 0:00:05]} 4. e3 {[%emt 0:00:15]} e6 {[%emt 0:00:09]} 5. Bxc4 {[%emt 0:00:58]} a6 {[%emt 0:00:05]} 6. O-O {[%emt 0:02:53]} b5 {[%emt 0:00:23]} 7. Bd3 {[%emt 0:03:31]} Bb7 {[%emt 0:02:35]} 8. Qe2 {[%emt 0:10:44]} Nbd7 {[%emt 0:08:20]} 9. Rd1 {[%emt 0:01:56]} c5 {[%emt 0:01:28]} 10. a4 {[%emt 0:16:47]} b4 {[%emt 0:04:38]} 11. Nbd2 {[%emt 0:01:49]} cxd4 {[%emt 0:01:05]} 12. exd4 {[%emt 0:01:13]} Be7 {[%emt 0:00:09]} 13. Nc4 {[%emt 0:02:39]} O-O {[%emt 0:00:36]} 14. a5 {[%emt 0:02:31]} Nd5 {[%emt 0:21:27]} 15. Bd2 {[%emt 0:02:03]} N7f6 {[%emt 0:14:10]} 16. Nce5 {[%emt 0:01:27]} Bd6 {[%emt 0:01:40]} 17. Ng5 {[%emt 0:07:10]} Qe7 {[%emt 0:16:16]} 18. Rac1 {[%emt 0:02:13]} Bc7 {[%emt 0:05:36]} 19. Ne4 {[%emt 0:15:51]} Nxe4 {[%emt 0:02:18]} 20. Qxe4 {[%emt 0:01:04]} f5 {[%emt 0:00:39]} 21. Qe2 {[%emt 0:02:01]} Bxe5 {[%emt 0:09:02]} 22. Qxe5 {[%emt 0:03:47]} Rfc8 {[%emt 0:05:38]} 23. Rc5 {[%emt 0:06:31]} Qf6 {[%emt 0:00:59]} 24. Rdc1 {[%emt 0:09:43]} Qxe5 {[%emt 0:01:04]} 25. Rxc8+ {[%emt 0:01:40]} Rxc8 {[%emt 0:00:05]} 26. Rxc8+ {[%emt 0:00:08]} Bxc8 {[%emt 0:00:05]} 27. dxe5 {[%emt 0:00:05]} Kf7 {[%emt 0:00:34]} 28. Kf1 {[%emt 0:00:35]} Bb7 {[%emt 0:00:29]} 29. Ke2 {[%emt 0:00:51]} Ke8 {[%emt 0:00:37]} 30. Bc4 {[%emt 0:00:48]} Kd7 {[%emt 0:00:13]} 31. Kd3 {[%emt 0:00:31]} Nc7 {[%emt 0:01:04]} 32. g3 {[%emt 0:02:37]} Bd5 {[%emt 0:00:28]} 33. b3 {[%emt 0:00:30]} Bxc4+ {[%emt 0:00:56]} 34. bxc4 {[%emt 0:00:13]} b3 {[%emt 0:00:30]} 35. Kc3 {[%emt 0:00:10]} h6 {[%emt 0:00:31]} 36. Kxb3 {[%emt 0:00:40]} g5 {[%emt 0:00:29]} 37. h3 {[%emt 0:00:32]} Ne8 {[%emt 0:00:21]} 38. Kb4 {[%emt 0:00:34]} Kc6 {[%emt 0:00:04]} 39. g4 {[%emt 0:00:53]} Ng7 {[%emt 0:01:04]} 40. f4 {[%emt 0:00:00]} gxf4 {[%emt 0:00:00]} 41. Bxf4 {[%emt 0:02:08]} h5 {[%emt 0:01:41]} 42. g5 {[%emt 0:02:07]} h4 {[%emt 0:00:19]} 43. g6 {[%emt 0:00:29]} Nh5 {[%emt 0:00:05]} 44. Bh6 {[%emt 0:01:19]} f4 {[%emt 0:00:12]} 45. Bxf4 {[%emt 0:01:14]} 1-0

[Event "SRB-ch Semifinal 2021"]
[Site "Paracin"]
[Date "2021.03.17"]
[Round "3.5"]
[White "Zegarac, Vuk"]
[Black "Tadic, Stefan"]
[Result "1/2-1/2"]
[WhiteElo "2386"]
[BlackElo "2419"]
[Annotator "NA"]
[PlyCount "69"]
[EventDate "2021.03.16"]
[EventType "swiss"]
[EventCountry "SRB"]
[SourceTitle "playchess.com"]
[Source "ChessBase"]
[SourceQuality "1"]
[TimeControl "40/5400+30:1800+30"]

1. d4 Nf6 {[%emt 0:03:15]} 2. Nf3 {[%emt 0:01:28]} g6 {[%emt 0:02:17]} 3. Bg5 {[%emt 0:00:12]} Bg7 {[%emt 0:00:03]} 4. Nbd2 {[%emt 0:00:07]} O-O {[%emt 0:00:48]} 5. c3 {[%emt 0:00:09]} d6 {[%emt 0:01:38]} 6. a4 {[%emt 0:01:08]} Qe8 {[%emt 0:05:10]} 7. e4 {[%emt 0:03:00]} e5 {[%emt 0:01:29]} 8. dxe5 {[%emt 0:00:30]} dxe5 {[%emt 0:00:30]} 9. Be2 {[%emt 0:00:30]} h6 {[%emt 0:01:15]} 10. Bh4 {[%emt 0:04:08]} Nh5 {[%emt 0:03:16]} 11. Bg3 {[%emt 0:00:08]} a5 {[%emt 0:04:33]} 12. O-O {[%emt 0:01:31]} Nd7 {[%emt 0:05:51]} 13. Re1 {[%emt 0:03:02]} Nc5 {[%emt 0:03:53]} 14. Qc2 {[%emt 0:00:35]} Bd7 {[%emt 0:12:23]} 15. b3 {[%emt 0:00:44]} Bc6 {[%emt 0:00:54]} 16. Bf1 {[%emt 0:01:49]} b6 {[%emt 0:09:19]} 17. Nc4 {[%emt 0:05:09]} Nf4 {[%emt 0:03:38]} 18. Na3 {[%emt 0:03:32]} Rd8 {[%emt 0:11:20]} 19. Bb5 {[%emt 0:06:15]} Bxb5 {[%emt 0:00:24]} 20. Nxb5 {[%emt 0:00:27]} Qc6 {[%emt 0:00:37]} 21. Bxf4 {[%emt 0:08:01]} exf4 {[%emt 0:00:15]} 22. Nbd4 {[%emt 0:00:32]} Qa8 {[%emt 0:03:40]} 23. e5 {[%emt 0:02:31]} Rfe8 {[%emt 0:02:15]} 24. Rad1 {[%emt 0:04:57]} Rd5 {[%emt 0:04:15]} 25. b4 {[%emt 0:13:16]} Ne6 {[%emt 0:02:41]} 26. Nxe6 {[%emt 0:02:02]} Rxd1 {[%emt 0:01:31]} 27. Qxd1 {[%emt 0:01:54]} Rxe6 {[%emt 0:00:12]} 28. h4 {[%emt 0:00:55]} Kh7 {[%emt 0:07:16]} 29. Qd7 {[%emt 0:03:22]} Kg8 {[%emt 0:00:59]} 30. b5 {[%emt 0:02:51]} c5 31. Qc7 {[%emt 0:05:04]} Qd5 {[%emt 0:02:08]} 32. Qb8+ {[%emt 0:00:54]} Kh7 {[%emt 0:00:09]} 33. Qc7 {[%emt 0:00:08]} Kg8 {[%emt 0:00:04]} 34. Qb8+ Kh7 35. Qc7 {[%emt 0:00:28]} 1/2-1/2

[Event "SRB-ch Semifinal 2021"]
[Site "Paracin"]
[Date "2021.03.17"]
[Round "3.6"]
[White "Stankovic, Milos"]
[Black "Sredojevic, Ivan"]
[Result "1/2-1/2"]
[WhiteElo "2414"]
[BlackElo "2288"]
[Annotator "NA"]
[PlyCount "91"]
[EventDate "2021.03.16"]
[EventType "swiss"]
[EventCountry "SRB"]
[SourceTitle "playchess.com"]
[Source "ChessBase"]
[SourceQuality "1"]
[TimeControl "40/5400+30:1800+30"]

1. e4 c5 {[%emt 0:02:03]} 2. Nf3 {[%emt 0:02:19]} d6 {[%emt 0:00:09]} 3. Bb5+ {[%emt 0:03:42]} Bd7 {[%emt 0:00:18]} 4. Bxd7+ {[%emt 0:00:29]} Qxd7 {[%emt 0:00:07]} 5. O-O {[%emt 0:00:08]} Nc6 {[%emt 0:01:06]} 6. Qe2 {[%emt 0:00:57]} Nf6 {[%emt 0:01:04]} 7. Rd1 {[%emt 0:00:07]} e6 {[%emt 0:02:35]} 8. d4 {[%emt 0:07:25]} cxd4 {[%emt 0:00:18]} 9. Nxd4 {[%emt 0:00:16]} Rc8 {[%emt 0:02:17]} 10. c4 {[%emt 0:01:49]} a6 {[%emt 0:04:02]} 11. Nc3 {[%emt 0:05:00]} Qc7 {[%emt 0:07:59]} 12. b3 {[%emt 0:02:05]} Be7 {[%emt 0:03:59]} 13. Bb2 {[%emt 0:07:13]} O-O {[%emt 0:00:55]} 14. Rac1 {[%emt 0:00:22]} Qb8 {[%emt 0:11:16]} 15. Nxc6 {[%emt 0:02:32]} Rxc6 {[%emt 0:00:39]} 16. f4 {[%emt 0:00:46]} Rd8 {[%emt 0:03:39]} 17. Kh1 {[%emt 0:04:10]} Bf8 {[%emt 0:00:36]} 18. e5 {[%emt 0:02:30]} Ne8 {[%emt 0:02:28]} 19. Ne4 {[%emt 0:01:25]} Qc8 {[%emt 0:02:19]} 20. Ng5 {[%emt 0:21:35]} h6 {[%emt 0:05:42]} 21. Nf3 d5 {[%emt 0:06:31]} 22. cxd5 {[%emt 0:02:23]} Rxd5 {[%emt 0:00:06]} 23. Rxd5 {[%emt 0:00:35]} Rxc1+ {[%emt 0:00:10]} 24. Bxc1 {[%emt 0:00:12]} exd5 {[%emt 0:00:03]} 25. Be3 {[%emt 0:04:31]} Qf5 {[%emt 0:00:23]} 26. Kg1 {[%emt 0:02:16]} Nc7 {[%emt 0:02:23]} 27. Nd4 {[%emt 0:05:04]} Qb1+ {[%emt 0:03:23]} 28. Kf2 {[%emt 0:00:08]} Bb4 {[%emt 0:00:14]} 29. Qc2 {[%emt 0:02:19]} Qe1+ {[%emt 0:00:13]} 30. Kf3 {[%emt 0:00:10]} Qf1+ {[%emt 0:00:25]} 31. Bf2 {[%emt 0:00:26]} Ne6 {[%emt 0:03:28]} 32. Nxe6 {[%emt 0:02:05]} fxe6 {[%emt 0:00:08]} 33. Qg6 {[%emt 0:02:59]} d4 {[%emt 0:06:28]} 34. Qxe6+ {[%emt 0:00:31]} Kh7 {[%emt 0:01:56]} 35. Qf5+ {[%emt 0:02:15]} Kg8 {[%emt 0:00:08]} 36. Qc8+ {[%emt 0:01:28]} Kh7 {[%emt 0:00:07]} 37. Qf5+ {[%emt 0:00:42]} Kg8 {[%emt 0:00:05]} 38. Qe4 {[%emt 0:00:16]} d3 {[%emt 0:00:45]} 39. Qc4+ {[%emt 0:05:14]} Kh8 {[%emt 0:02:17]} 40. Qxb4 {[%emt 0:00:00]} Qe2+ {[%emt 0:00:00]} 41. Kg3 {[%emt 0:05:58]} d2 {[%emt 0:00:20]} 42. Qf8+ {[%emt 0:00:04]} Kh7 {[%emt 0:00:04]} 43. Qf5+ {[%emt 0:00:11]} Kh8 {[%emt 0:00:57]} 44. Qf8+ {[%emt 0:00:42]} Kh7 {[%emt 0:00:05]} 45. Qf5+ {[%emt 0:00:11]} Kh8 {[%emt 0:00:07]} 46. Qf8+ {[%emt 0:01:35]} 1/2-1/2

[Event "SRB-ch Semifinal 2021"]
[Site "Paracin"]
[Date "2021.03.17"]
[Round "3.7"]
[White "Perunovic, Miodrag"]
[Black "Arsovic, Zoran"]
[Result "1-0"]
[WhiteElo "2428"]
[BlackElo "2374"]
[Annotator "NA"]
[PlyCount "53"]
[EventDate "2021.03.16"]
[EventType "swiss"]
[EventCountry "SRB"]
[SourceTitle "playchess.com"]
[Source "ChessBase"]
[SourceQuality "1"]
[TimeControl "40/5400+30:1800+30"]

1. e4 {[%emt 0:01:53]} c5 {[%emt 0:00:00]} 2. Nc3 {[%emt 0:00:33]} e6 {[%emt 0:00:10]} 3. Nge2 {[%emt 0:00:29]} Nc6 {[%emt 0:00:50]} 4. g3 {[%emt 0:00:15]} Nf6 {[%emt 0:02:21]} 5. Bg2 {[%emt 0:00:03]} Be7 {[%emt 0:01:18]} 6. O-O {[%emt 0:00:08]} O-O {[%emt 0:00:26]} 7. f4 {[%emt 0:00:06]} d5 {[%emt 0:00:43]} 8. e5 {[%emt 0:00:06]} Nd7 {[%emt 0:00:17]} 9. d3 {[%emt 0:00:07]} Rb8 {[%emt 0:01:05]} 10. a4 {[%emt 0:00:07]} a6 {[%emt 0:00:20]} 11. g4 {[%emt 0:00:08]} b5 {[%emt 0:00:30]} 12. axb5 {[%emt 0:00:04]} axb5 {[%emt 0:00:04]} 13. Ng3 {[%emt 0:00:07]} Qb6 {[%emt 0:06:27]} 14. Nce2 {[%emt 0:04:16]} Bb7 {[%emt 0:04:42]} 15. g5 {[%emt 0:01:56]} Ra8 {[%emt 0:02:33]} 16. Rb1 {[%emt 0:05:36]} d4 {[%emt 0:14:55]} 17. Ne4 {[%emt 0:01:19]} Nb4 {[%emt 0:11:01]} 18. N2g3 {[%emt 0:00:25]} Rae8 {[%emt 0:10:54]} 19. Nh5 {[%emt 0:07:56]} Kh8 {[%emt 0:04:39]} 20. Rf3 {[%emt 0:27:40]} f5 {[%emt 0:23:16]} 21. exf6 {[%emt 0:04:23]} gxf6 {[%emt 0:00:08]} 22. Rh3 {[%emt 0:21:30]} fxg5 {[%emt 0:00:43]} 23. fxg5 {[%emt 0:00:15]} Rg8 {[%emt 0:01:05]} 24. Nhf6 {[%emt 0:02:54]} Bxf6 {[%emt 0:04:18]} 25. Rxh7+ {[%emt 0:00:34]} Kxh7 {[%emt 0:00:04]} 26. Qh5+ {[%emt 0:00:06]} Kg7 {[%emt 0:00:06]} 27. gxf6+ {[%emt 0:00:01]} 1-0

[Event "SRB-ch Semifinal 2021"]
[Site "Paracin"]
[Date "2021.03.17"]
[Round "3.8"]
[White "Budisavljevic, Luka"]
[Black "Djokic, Mihailo"]
[Result "1-0"]
[WhiteElo "2510"]
[BlackElo "2199"]
[Annotator "ChessBase"]
[PlyCount "65"]
[EventDate "2021.03.16"]
[EventType "swiss"]
[EventCountry "SRB"]
[SourceTitle "playchess.com"]
[Source "ChessBase"]
[SourceQuality "1"]
[TimeControl "40/5400+30:1800+30"]

1. e4 {[%emt 0:01:25]} e6 {[%emt 0:00:00]} 2. d4 {[%emt 0:00:26]} d5 {[%emt 0:00:00]} 3. Bd3 {[%emt 0:00:44]} dxe4 {[%emt 0:01:17]} 4. Bxe4 {[%emt 0:00:06]} Nf6 {[%emt 0:00:03]} 5. Bf3 {[%emt 0:00:07]} c5 {[%emt 0:00:37]} 6. Ne2 {[%emt 0:00:35]} Nc6 {[%emt 0:00:03]} 7. Be3 {[%emt 0:00:23]} e5 {[%emt 0:05:52]} 8. Bxc6+ {[%emt 0:00:09]} bxc6 {[%emt 0:00:03]} 9. dxe5 {[%emt 0:00:10]} Qxd1+ {[%emt 0:02:13]} 10. Kxd1 {[%emt 0:00:02]} Ng4 {[%emt 0:00:19]} 11. Nd2 {[%emt 0:00:03]} Nxe5 {[%emt 0:08:52]} 12. f3 {[%emt 0:15:06]} Be7 {[%emt 0:05:05]} 13. Nc3 {[%emt 0:04:34]} Be6 {[%emt 0:01:32]} 14. Ke2 {[%emt 0:08:50]} O-O {[%emt 0:09:55]} 15. Rhe1 {[%emt 0:05:12]} Nc4 {[%emt 0:07:33]} 16. Nxc4 {[%emt 0:01:18]} Bxc4+ {[%emt 0:00:01]} 17. Kf2 {[%emt 0:00:13]} Rfb8 {[%emt 0:03:06]} 18. Na4 {[%emt 0:03:26]} Bd5 {[%emt 0:05:34]} 19. b3 {[%emt 0:03:39]} c4 {[%emt 0:03:14]} 20. Bc5 {[%emt 0:00:58]} Bh4+ {[%emt 0:02:24]} 21. g3 {[%emt 0:00:07]} Bf6 {[%emt 0:00:06]} 22. Rad1 {[%emt 0:00:13]} Be6 {[%emt 0:04:47]} 23. Bd4 {[%emt 0:03:31]} Bd8 {[%emt 0:04:53]} 24. Nc5 {[%emt 0:08:21]} Ba5 {[%emt 0:00:10]} 25. Re5 {[%emt 0:01:33]} Bd5 {[%emt 0:03:27]} 26. Rg5 {[%emt 0:03:23]} g6 {[%emt 0:04:06]} 27. Nd7 {[%emt 0:01:00]} h6 {[%emt 0:00:28]} 28. Re5 {[%emt 0:10:05]} cxb3 {[%emt 0:04:06]} 29. Nxb8 {[%emt 0:02:25]} f6 {[%emt 0:00:15]} 30. Rxd5 {[%emt 0:02:44]} bxc2 {[%emt 0:01:32]} 31. Rc1 {[%emt 0:00:17]} cxd5 {[%emt 0:00:09]} 32. Nc6 {[%emt 0:00:15]} Bb6 {[%emt 0:00:25]} 33. Rxc2 {[%emt 0:00:58]} 1-0